[Event "World Cup 2023"]
[Site "Baku, Azerbaijan"]
[Date "2023.08.03"]
[Round "8.32"]
[White "Socko Monika (POL)"]
[Black "Fataliyeva Ulviyya (AZE)"]
[Result "0-1"]
[WhiteFideId "1106619"]
[BlackFideId "13403052"]
[WhiteElo "2401"]
[BlackElo "2401"]

1. d4 {[%clk 01:30:58]} {[%emt 00:00:01]} Nf6 {[%clk 01:30:56]} {[%emt
00:00:05]} 2. Nf3 {[%clk 01:29:17]} {[%emt 00:02:11]} d5 {[%clk 01:30:17]}
{[%emt 00:01:09]} 3. c4 {[%clk 01:29:40]} {[%emt 00:00:08]} e6 {[%clk
01:30:40]} {[%emt 00:00:07]} 4. Nc3 {[%clk 01:27:35]} {[%emt 00:02:36]} Be7
{[%clk 01:30:52]} {[%emt 00:00:18]} 5. Bf4 {[%clk 01:23:43]} {[%emt 00:04:27]}
O-O {[%clk 01:30:33]} {[%emt 00:00:49]} 6. Rc1 {[%clk 01:22:34]} {[%emt
00:01:40]} c5 {[%clk 01:23:57]} {[%emt 00:07:10]} 7. dxc5 {[%clk 01:20:00]}
{[%emt 00:03:05]} dxc4 {[%clk 01:23:51]} {[%emt 00:00:35]} 8. Qxd8 {[%clk
01:16:05]} {[%emt 00:04:26]} Rxd8 {[%clk 01:23:53]} {[%emt 00:00:27]} 9. e3
{[%clk 01:16:28]} {[%emt 00:00:06]} Nd5 {[%clk 01:06:12]} {[%emt 00:18:17]} 10.
Bxc4 {[%clk 01:00:25]} {[%emt 00:16:44]} Nxf4 {[%clk 01:04:15]} {[%emt
00:02:28]} 11. exf4 {[%clk 01:00:52]} {[%emt 00:00:03]} Bxc5 {[%clk 01:04:28]}
{[%emt 00:00:16]} 12. O-O {[%clk 01:01:08]} {[%emt 00:00:13]} Nc6 {[%clk
01:01:47]} {[%emt 00:03:12]} 13. Ne4 {[%clk 01:00:35]} {[%emt 00:01:03]} Be7
{[%clk 01:00:09]} {[%emt 00:02:09]} 14. Rfd1 {[%clk 00:57:30]} {[%emt
00:03:37]} Bd7 {[%clk 01:00:11]} {[%emt 00:00:29]} 15. Be2 {[%clk 00:46:40]}
{[%emt 00:11:24]} Be8 {[%clk 00:57:09]} {[%emt 00:03:34]} 16. Kf1 {[%clk
00:46:53]} {[%emt 00:00:16]} Rxd1+ {[%clk 00:50:53]} {[%emt 00:06:49]} 17. Rxd1
{[%clk 00:47:21]} {[%emt 00:00:03]} Nb4 {[%clk 00:47:11]} {[%emt 00:04:12]} 18.
a3 {[%clk 00:34:28]} {[%emt 00:13:23]} Nd5 {[%clk 00:47:00]} {[%emt 00:00:40]}
19. g3 {[%clk 00:34:29]} {[%emt 00:00:30]} Rc8 {[%clk 00:47:22]} {[%emt
00:00:08]} 20. Ne5 {[%clk 00:30:01]} {[%emt 00:04:59]} f6 {[%clk 00:34:51]}
{[%emt 00:13:05]} 21. Nf3 {[%clk 00:26:12]} {[%emt 00:04:21]} Bg6 {[%clk
00:32:09]} {[%emt 00:03:12]} 22. Bd3 {[%clk 00:25:32]} {[%emt 00:01:12]} Rd8
{[%clk 00:32:03]} {[%emt 00:00:36]} 23. Ke2 {[%clk 00:24:35]} {[%emt 00:01:28]}
Bh5 {[%clk 00:30:44]} {[%emt 00:01:49]} 24. Bc2 {[%clk 00:21:45]} {[%emt
00:03:22]} f5 {[%clk 00:28:24]} {[%emt 00:02:51]} 25. Neg5 {[%clk 00:20:23]}
{[%emt 00:01:53]} Bf6 {[%clk 00:21:33]} {[%emt 00:07:25]} 26. Nxe6 {[%clk
00:18:22]} {[%emt 00:02:31]} Re8 {[%clk 00:20:43]} {[%emt 00:01:20]} 27. Rxd5
{[%clk 00:16:36]} {[%emt 00:02:17]} Rxe6+ {[%clk 00:20:02]} {[%emt 00:01:12]}
28. Re5 {[%clk 00:17:04]} Bxe5 {[%clk 00:13:52]} {[%emt 00:06:42]} 29. Bb3
{[%clk 00:17:30]} {[%emt 00:00:04]} Bxb2+ {[%clk 00:14:18]} {[%emt 00:00:05]}
30. Bxe6+ {[%clk 00:17:56]} {[%emt 00:00:04]} Kf8 {[%clk 00:12:58]} {[%emt
00:01:50]} 31. Bxf5 {[%clk 00:16:47]} {[%emt 00:01:40]} Bxa3 {[%clk 00:13:23]}
{[%emt 00:00:05]} 32. g4 {[%clk 00:17:11]} {[%emt 00:00:06]} Be8 {[%clk
00:13:28]} {[%emt 00:00:26]} 33. Bxh7 {[%clk 00:15:56]} {[%emt 00:01:45]} a5
{[%clk 00:12:53]} {[%emt 00:01:05]} 34. Ne5 {[%clk 00:11:16]} {[%emt 00:05:12]}
a4 {[%clk 00:09:50]} {[%emt 00:03:34]} 35. Kd2 {[%clk 00:09:28]} {[%emt
00:02:19]} Bb2 {[%clk 00:09:03]} {[%emt 00:01:17]} 36. Kc2 {[%clk 00:06:27]}
{[%emt 00:03:33]} Bxe5 {[%clk 00:08:40]} {[%emt 00:00:54]} 37. fxe5 {[%clk
00:05:27]} {[%emt 00:01:31]} g6 {[%clk 00:09:07]} {[%emt 00:00:03]} 38. f4
{[%clk 00:05:46]} {[%emt 00:00:11]} Kg7 {[%clk 00:09:32]} {[%emt 00:00:04]} 39.
Bxg6 {[%clk 00:06:05]} {[%emt 00:00:12]} Kxg6 {[%clk 00:07:21]} {[%emt
00:02:42]} 40. f5+ {[%clk 00:04:43]} {[%emt 00:01:53]} Kg5 {[%clk 00:04:04]}
{[%emt 00:03:48]} 41. e6 {[%clk 00:05:11]} {[%emt 00:00:01]} Bc6 {[%clk
00:03:58]} {[%emt 00:00:37]} 42. Kc3 {[%clk 00:03:24]} {[%emt 00:02:17]} Kf6
{[%clk 00:27:06]} {[%emt 00:07:25]} 43. Kb4 {[%clk 00:33:47]} {[%emt 00:00:07]}
Bf3 {[%clk 00:25:52]} {[%emt 00:01:45]} 44. h3 {[%clk 00:34:08]} {[%emt
00:00:09]} b5 {[%clk 00:24:22]} {[%emt 00:02:00]} 45. Ka3 {[%clk 00:27:11]}
{[%emt 00:07:30]} Bg2 {[%clk 00:24:20]} {[%emt 00:00:33]} 46. h4 {[%clk
00:26:29]} {[%emt 00:01:13]} Bf3 {[%clk 00:24:33]} {[%emt 00:00:16]} 47. e7
{[%clk 00:24:38]} {[%emt 00:02:22]} Kxe7 {[%clk 00:24:53]} {[%emt 00:00:10]} 48.
g5 {[%clk 00:25:05]} {[%emt 00:00:03]} Bg4 {[%clk 00:25:03]} {[%emt 00:00:19]}
0-1